00631cam a2200181 a 450000100100000000500170001000800410002704000250006808200170009310000440011024500420015426000310019630000210022765000310024865000350027995201200031499900150043400000378020200929150551.0741120s1948 nyu 000 1 eng  aDO-SdBNPbspacBNPHU a813.4bP647g1 aPinckney, Josephine,d1895-1957.91150010aGreat mischief /cJosephine Pinckney. aNew York :bViking,c1948. a247 p. ;c21 cm. 4aNovela estadounidense9262 4aLiteratura estadounidense9263 001052708MOaGRbGRcCTd2009-07-13iLF1l0o813.4 P647gp3780-10r2020-06-25w2020-06-25y2ZPréstamo interno c3602d3602